Регионална библиотека "Любен Каравелов" - Русе

Подготовката на учители и социални педагози в навечерието на европ. интеграция (Запис номер 82946)

MARC детайли
000 -Лидер
Контролно поле с фиксирана дължина 03250nam a2200493 c 4500
003 - Код на организацията, давaща контролен номер
Контролно поле BLK
005 - Дата и час на последна редакция
Контролно поле 20240604155032.0
008 - Елементи от данни с фиксирана дължина
fixed length control field 180408b bul|||||r ||||||| ||bul||
010 ## - Наследен системен номер
LC control number KNG00087483000
020 ## - Международен стандартен номер на книга ISBN
Международен стандартен номер на книга ISBN 954-8510-97-9
-- издат.: Веда Словена-ЖГ
040 ## - Източник на каталожния запис
Идентификатор на билиотеката - собственик на записа BLK
041 ## - Код за език
Код за езика на текст/звукозапис или на отделно заглавие Български
Код за езика КДБФ Български
072 #7 - Код за тематичната категория
Код организация bullib
Код за тематична категория Е
Текст Картотека "Европейски съюз"
080 ## - УДК
Текстов определител УДК Образование и статут на учителите и преподавателите. Педагогическа етика - Квалификация на учителите, положение в професията и обществото. Вж и 174
УДК код - определител по УДК 371.13/.16
УДК определител (063)
УДК - код + определител 371.13/.16(063)
080 ## - УДК
Текстов определител УДК Културна педагогика
УДК код - определител по УДК 37.013.43
УДК определител (063)
УДК - код + определител 37.013.43(063)
080 ## - УДК
Текстов определител УДК Съдържание и форми на работа в предучилищното възпитание и в основното образование. Учебни предмети и учебници за начални и основни училища.
УДК код - определител по УДК 372
УДК определител (063)
УДК - код + определител 372(063)
139 ## - Редно поле
Редна дума Подготовката на учители и социални педагози в навечерието на европ. интеграция
Авторски знак Под - П 64
245 10 - Сведения за заглавието
Заглавие Подготовката на учители и социални педагози в навечерието на европ. интеграция
Подзаглавни данни Докл. на ІV есенна науч. конф. на Фак. по нач. и училищна педагогика, Китен, 18-22 септ. 2006
Редно поле (дума) състав. Божидар Михайлов Ангелов; състав. Здравко Вутов Лалчев; ред. Милка Александрова Атанасова; ред. Томислав Василев Дяков.
257 ## - Страна на издаване
Страна на създаване/издаване България
260 ## - Област на издателските данни
-- София
Име на издателя, разпространителя и проч. Веда Словена-ЖГ
Година на издаване 2006
Печатница София : Скала
300 ## - Физическа характеристика
Страници 844 с.
Илюстрации и др. с ил.
Размери/Мащаб 24 см
380 ## - Жанр
Жанр Обществени науки
500 ## - Общи забележки
Забележка Друго загл. Teachers and social pedagogists training in view of European integration. - Библиогр. след някои докл
650 #4 - Допълнително описание по предмет – тема
Основно описание – тема или топоним Учители - подготовка и квалификация
9 (RLIN) 248892
650 #4 - Допълнително описание по предмет – тема
Основно описание – тема или топоним Педагогика, социална
9 (RLIN) 165970
650 #4 - Допълнително описание по предмет – тема
Основно описание – тема или топоним Предучилищно възпитание
9 (RLIN) 241578
650 #4 - Допълнително описание по предмет – тема
Основно описание – тема или топоним Начални училища - учебно-възпитателна работа
9 (RLIN) 271211
653 ## - Ключова дума – ненормативна
Ключова дума учители
653 ## - Ключова дума – ненормативна
Ключова дума социална педагогика
653 ## - Ключова дума – ненормативна
Ключова дума предучилищно възпитание
653 ## - Ключова дума – ненормативна
Ключова дума начални училища
653 ## - Ключова дума – ненормативна
Ключова дума учебно-възпитателна работа
659 ## - Тематичен бюлетин
Тематичен бюлетин Е
700 1# - Други автори (авторска отговорност)
Лично име Ангелов, Божидар Михайлов
9 (RLIN) 31376
700 ## - Други автори (авторска отговорност)
Лично име Лалчев, Здравко Вутов
9 (RLIN) 250356
700 1# - Други автори (авторска отговорност)
Лично име Атанасова, Милка Александрова
Автороска отговорност (Описва отношението между автора и произведението) ред.
9 (RLIN) 366902
700 1# - Други автори (авторска отговорност)
Лично име Дяков, Томислав Василев
Автороска отговорност (Описва отношението между автора и произведението) ред.
9 (RLIN) 372650
852 ## - Местоположение
Форматна сигнатура Цб 242596
856 4# - Електронен адрес и достъп
Електронен формат pdf - файл
Път до файла /url/
856 4# - Електронен адрес и достъп
Електронен формат pdf - файл
Път до файла /url/
942 ## - АРТИКУЛИ
Вид на библиотечния материал Книги
Скрит в OPAC Не
944 ## - СЪЗДАВАНЕ И РЕДАКЦИЯ на ЗАПИСА
Създаване/Редакция Създаване
Дата на регистрацията/редакция 27.01.2009
Служител, извършил регистрацията/редакцията 30560
Статус, дата на статуса Геновева Генчева
944 ## - СЪЗДАВАНЕ И РЕДАКЦИЯ на ЗАПИСА
Създаване/Редакция Редакция
Дата на регистрацията/редакция 12.03.2009
Служител, извършил регистрацията/редакцията
999 ## - СИСТЕМНИ КОНТРОЛНИ НОМЕРА
Koha biblionumber 82946
Koha biblioitemnumber 82946
Наличности
Код за отписване Код за изгубен артикул Код за повреда Коз за рестрикции Код за отдаване Артикулен № Име на библиотеката - собственик Име на библиотеката, в която се намира в момента Статус (Текущо местоположение) Дата на вписване в системата Местоположение - отдел Цена в лева Инвентарен номер Систематично азбучна сигнатура Баркод Номер на екземпляра Цена в евро Служебна бележка Служебен тип на артикула
  Не е изгубен Не е повреден без рестрикции ползва се в читалня 134912 Регионална библиотека "Любен Каравелов" Русе Регионална библиотека "Любен Каравелов" Русе Хранилище 2009-01-26 Хранилище 0.00 120000733096 Цб 242596 120000733096 1 0.00 Дост: Dp Вид: Д N: 35 Дата: 13.08.2008 Книги
Vip Innovations Ltd, Rousse, Bulgaria 2025